| 000 | 02247cam a22001934a 4500 | ||
|---|---|---|---|
| 005 | 20250605164125.0 | ||
| 008 | 250528s ||||||||||||||||||||||||d | ||
| 035 | _a18413 | ||
| 020 | _a9609101615 | ||
| 040 |
_aGR-AtMCL _bgre _dGR-AtMCL _eAACR2 |
||
| 245 | 1 |
_aΧρηματοοικονομική Διαχείριση και Χρηματοοικονομικό Συστημα / Αξιολόγηση και Χρηματοοικονομική Διοίκηση. _nΤόμος Β' |
|
| 260 |
_bΕ.Κ.Π.Α, _c2000 |
||
| 300 | _a512 | ||
| 520 | _aΟρισμένες Βασικές Έννοιες, Βασικά Πρότυπα Συμπεριφοράς και Λειτουργίας των Αγορών, Οικονομία και Χρηματοοικονομικό Σύστημα, Η Λειτουργία του Χρηματοοικονομικού Συστήματος, Χρηματοπιστωτικό Σύστημα και Οικονομική Πολιτική, Η Οργάνωση και η Μεταβολή των Χρηματοοικονομικών Συστημάτων, Μη Τραπεζικά Χρηματοπιστωτικά Ιδρύματα, Η Εγχώρια και η Διεθνής Διάσταση της Χρηματοοικονομικής Διαχείρισης, Το Ενοποιημένο Πλαίσιο των Διεθνών Χρηματοπιστωτικών Αγορών και Συναλλαγών, Η Χρήση των Χρηματοοικονομικών Εργαλείων και η Συγκέντρωση Καφαλαίων και η Διαχείριση Κινδύνου και Επιτόκια, Χρηματοοικονομική Διοίκηση και Διαμόρφωση Χαρτοφυλακίου, Οι Αγορές, Χρηματοοικονομικές Αγορές, Οι Αγορές Διαχείρισης Κινδύνου, Η Εξέλιξη του Χρηματοπιστωτικού Συστήματος και Χρηματοδότησης του Βιομηχανικού Τομέα, Το Πλαίσιο του Ελληνικού Χρηματοπιστωτικού Συστήματος, Βιβλιογραφία. | ||
| 700 | 1 |
_aΠετράκης Π.Ε _94686 |
|
| 942 | _cBK | ||
| 999 |
_c3774 _d3774 |
||